LEADER 01000nam a22002411i 4500 001 991002889339707536 005 20040415102853.0 008 040624s1960 gw |||||||||||||||||ger 035 $ab1299327x-39ule_inst 035 $aARCHE-095095$9ExL 040 $aDip.to Beni Culturali$bita$cA.t.i. Arché s.c.r.l. Pandora Sicilia s.r.l. 082 04$a937.0709 100 1 $aSattler, Peter$0194311 245 10$aAugustus und der Senat :$bUntersuchungen zur römischen Innenpolitik zwischen 30 und 17 v. Christus /$cPeter Sattler 260 $aGöttingen :$bVandenhoeck & Ruprecht,$cc1960 300 $a109 p. ;$c25 cm 600 14$aAugusto, Caio Giulio Cesare Ottaviano$c(Imperatore romano) 907 $a.b1299327x$b02-04-14$c12-07-04 912 $a991002889339707536 945 $aLE001 SR III 7$g1$i2001000034598$lle001$nC. 1$o-$pE0.00$q-$rl$s- $t0$u0$v0$w0$x0$y.i13598776$z12-07-04 996 $aAugustus und der Senat$9284593 997 $aUNISALENTO 998 $ale001$b12-07-04$cm$da $e-$fger$ggw $h0$i1 LEADER 04525nam 22007455 450 001 9910484220103321 005 20200707215837.0 010 $a3-662-49787-5 024 7 $a10.1007/978-3-662-49787-6 035 $a(CKB)3710000000778068 035 $a(DE-He213)978-3-662-49787-6 035 $a(MiAaPQ)EBC4623056 035 $z(PPN)258855878 035 $a(PPN)194801357 035 $a(EXLCZ)993710000000778068 100 $a20160803d2016 u| 0 101 0 $ager 135 $aurnn|008mamaa 181 $ctxt$2rdacontent 182 $cc$2rdamedia 183 $acr$2rdacarrier 200 10$aAmbulantes Operieren in Klinik, Praxis und MVZ $eRahmenbedingungen - Organisation - Patientenversorgung /$fherausgegeben von Thomas Standl, Christoph Lussi 205 $a3rd ed. 2016. 210 1$aBerlin, Heidelberg :$cSpringer Berlin Heidelberg :$cImprint: Springer,$d2016. 215 $a1 online resource (XVII, 289 S. 36 Abb.) 225 1 $aErfolgskonzepte Praxis- & Krankenhaus-Management,$x2627-2636 300 $a"Mit 30 Abbildungen." 300 $aIncludes indexes. 311 $a3-662-49786-7 327 $aI. Grundlagen -- 1. Entwicklung und Bedeutung des ambulanten Operierens -- 2. Politische Rahmenbedingungen und gesetzliche Grundlagen -- 3. Ökonomische Aspekte -- 4.Patientensicherheit -- 5. Ablauforganisation und Planung -- II. Ambulantes Operieren im Krankenhaus -- 6. Bauliche Voraussetzungen und Hygiene -- 7. Personalwesen -- 8. Organisationsablauf -- 9. Kosten und Erlöse, Qualitätsmanagement und Patientenzufriedenheit -- III. Praxisambulantes Operieren und vorstationäre Versorgung -- 10. Bauliche Voraussetzungen und Hygiene -- 11. Personalwesen -- 12. Organisationsablauf -- 13. Kosten und Erlöse, Qualitätsmanagement und Patientenzufriedenheit -- IV. Medizinische Aspekte -- 14. Patientenaufklärung -- 15. Prämedikation -- 16. Anästhesiologische Aspekte -- 17. Operative Aspekte -- 18. Besondere Patientengruppen -- 19. Zukunftsvisionen. 330 $aIn diesem Buch beschreibt ein erfahrenes Herausgeber- und Autorenteam, wie die praktische Umsetzung des ambulanten Operierens in der Klinik, in einer Praxis oder in einem medizinischen Versorgungszentrum effektiv und ökonomisch gelingt. Das Werk wendet sich an Ärzte aller Fachdisziplinen, die in ambulanten OP-Einrichtungen arbeiten sowie an Klinikdirektoren, Verwaltungsdirektoren und Gesundheitsökonomen. Die 3. Auflage erscheint inhaltlich und strukturell komplett überarbeitet und trägt den neuesten Entwicklungen Rechnung. Der Schwerpunkt des Werkes liegt dabei auf den strukturellen und organisatorischen Aspekten des ambulanten Operierens, aber auch für Anästhesisten und Operateure relevante medizinische Aspekte werden dargestellt. 410 0$aErfolgskonzepte Praxis- & Krankenhaus-Management,$x2627-2636 606 $aMedicine$xPractice 606 $aAnesthesiology 606 $aSurgery 606 $aPublic health 606 $aHealth services administration 606 $aHealth services administration 606 $aMedical economics 606 $aPractice and Hospital Management$3https://scigraph.springernature.com/ontologies/product-market-codes/H68000 606 $aAnesthesiology$3https://scigraph.springernature.com/ontologies/product-market-codes/H13001 606 $aSurgery$3https://scigraph.springernature.com/ontologies/product-market-codes/H59001 606 $aPublic Health$3https://scigraph.springernature.com/ontologies/product-market-codes/H27002 606 $aHealth Care Management$3https://scigraph.springernature.com/ontologies/product-market-codes/527030 606 $aHealth Economics$3https://scigraph.springernature.com/ontologies/product-market-codes/W35000 615 0$aMedicine$xPractice. 615 0$aAnesthesiology. 615 0$aSurgery. 615 0$aPublic health. 615 0$aHealth services administration. 615 0$aHealth services administration. 615 0$aMedical economics. 615 14$aPractice and Hospital Management. 615 24$aAnesthesiology. 615 24$aSurgery. 615 24$aPublic Health. 615 24$aHealth Care Management. 615 24$aHealth Economics. 676 $a610.6 702 $aStandl$b Thomas$4edt$4http://id.loc.gov/vocabulary/relators/edt 702 $aLussi$b Christoph$4edt$4http://id.loc.gov/vocabulary/relators/edt 906 $aBOOK 912 $a9910484220103321 996 $aAmbulantes Operieren in Klinik, Praxis und MVZ$92849145 997 $aUNINA